Niezapomniane Jedenastki #41: Barcelona 2014/15 - Statystyki

Ogólne statystyki
  • Ten quiz został rozwiązany 445 razy
  • Średni wynik to 10 z 11
Statystyki odpowiedzi
Pozycja Kraj Zawodnik % Poprawnych
N Urugwaj Luis Suarez
100%
LS Brazylia Neymar
100%
PS Argentyna Lionel Messi
99%
BR Niemcy Marc-Andre ter Stegen
99%
ŚP Hiszpania Andres Iniesta
95%
ŚP Chorwacja Ivan Rakitic
95%
PO Brazylia Dani Alves
93%
ŚO Hiszpania Gerard Pique
93%
LO Hiszpania Jordi Alba
89%
ŚPD Hiszpania Sergio Busquets
88%
ŚO Argentyna Javier Mascherano
86%
Nie znaleziono quizów pasujących do podanych kryteriów
Rozkład punktacji
Procent ludzi z każdym wynikiem
Percentyl według liczby udzielonych odpowiedzi
Twoja historia wyników
Nie rozwiązałeś tego quizu